000 00699nam a2200181 i 4500
001 59532
003 ES-MaACL
005 20231227200019.0
007 t|
008 031029s1958 sp ||||1| spa d
245 0 0 _aEjercicios y gimnasia para enfermos del aparato respiratorio
_b: fundamentos y técnica /
_cprólogo de C. Jiménez Díaz.
260 _aMadrid :
_bInstituto de Investigaciones Clínicas y Médicas :
_bPaz Montalvo,
_c1958 (
_fDiana)
300 _a79 p. :
_bil. ;
_c21 cm.
700 1 _aJiménez Díaz, Carlos,
_d1898-1967
_966515
710 2 _aInstituto de Investigaciones Clínicas y Médicas (Madrid)
_94968
852 _aES-MaACL
_j2007-F-14
_bR.42824
999 _c59532
_d59532